Избранные труды: пер. с фр.

Podrobná bibliografie
Hlavní autor: Кюри П. Пьер
Jazyk:ruština
Vydáno: Москва, Наука, 1966
Témata:
Médium: MixedMaterials Kniha
KOHA link:https://koha.lib.tpu.ru/cgi-bin/koha/opac-detail.pl?biblionumber=91792

MARC

LEADER 00000nam0a2200000 4500
001 91792
005 20231101213807.0
035 |a (RuTPU)RU\TPU\book\98382 
090 |a 91792 
100 |a 20060301d1966 k y0rusy50 ca 
101 1 |a rus  |c fre 
102 |a RU 
105 |a a z 001zy 
200 1 |a Избранные труды  |e пер. с фр.  |f П. Кюри 
210 |a Москва  |a Ленинград  |c Наука  |d 1966 
215 |a 400 с.  |c ил. 
320 |a Библиогр.: с. 377-381 
610 1 |a пьезоэлектричество 
610 1 |a кристаллография 
610 1 |a радиоактивность 
610 1 |a симметрия 
610 1 |a труды 
675 |a 53(092)  |v 3 
675 |a 539.16  |v 3 
700 1 |a Кюри  |b П.  |c французский физик  |c член Парижской АН  |f 1859-1906  |g Пьер  |2 stltpush  |3 (RuTPU)RU\TPU\pers\12088  |9 3158 
801 1 |a RU  |b 63413507  |c 20060301  |g PSBO 
801 2 |a RU  |b 63413507  |c 20220224  |g PSBO 
942 |c BK